000 00839nas a2200241 4500
001 BR8807303
003 BR-BrBNA
005 20231205091406.0
007 ta
008 230509b bl.|||p| |||| 00| 00por d
040 _aBR-BrBNA
_bpor
_cBiblioteca Nacional de Agricultura
041 _a(Pt)
072 _aQ02
100 1 _aGrandi, J.G.
100 1 _aAndrade, E.C.L.
245 1 _aInfluencia do tempo de armazenamento e do numero de repiques na atividade da cultura mista de Streptococcus thermophilus e Lactobacillus bulgaricus
650 _aBACTERIA
650 _aIOGURTE
650 _aFERMENTACAO LATICA
773 0 _tInforme Agropecuario - Empresa de Pesquisa Agropecuaria de Minas Gerais (Brazil)
_xISSN 0100-3364
_g(1988), v. 13(155) p. 40-43
_wBR8807303
909 _a202311
_bLúcia
_c55
_dLúcia Elande
942 _2AGRIS
_n0
_cANA
999 _c124766
_d124766